Partners in conflict: the United States and Latin America
Salvato in:
| Autore principale: | |
|---|---|
| Natura: | Libro |
| Lingua: | inglese |
| Pubblicazione: |
Baltimore
John Hopkins University
1987
|
| Soggetti: | |
| Tags: |
Aggiungi Tag
Nessun Tag, puoi essere il primo ad aggiungerne!!
|
MARC
| LEADER | 00000nam a2200000 a 4500 | ||
|---|---|---|---|
| 001 | UCO8011 | ||
| 003 | CL-VaPUC | ||
| 008 | 001124e19870000US |||||||||||||||||eng|d | ||
| 082 | 0 | 4 | |a 327.7308 |b LOW |2 21 |
| 100 | |a Lowenthal, Abraham F. |e autor |9 458641 | ||
| 245 | 1 | 0 | |a Partners in conflict: the United States and Latin America |
| 300 | |a 240 p | ||
| 942 | |c BK | ||
| 945 | |d 20001124 00:00:00 |a crobeson | ||
| 260 | |a Baltimore |b John Hopkins University |c 1987 | ||
| 500 | |a Donación del profesor Manfred Wilhelmy von Wolff | ||
| 650 | 0 | |a Relaciones Internacionales |9 255740 | |
| 650 | 0 | |a Política exterior |9 316628 | |
| 651 | 0 | |a Estados Unidos |9 255178 | |
| 651 | 0 | |a América Latina |9 255027 | |
| 583 | |a last modification |c 20001124 00:00:00 |k Rodrigo Vera | ||
| 999 | |c 292823 |d 292821 | ||
| 952 | |0 0 |1 0 |4 0 |6 327_730800000000000_LOW_1987 |7 0 |8 A |9 343896 |a BIBHIS |b BIBHIS |d 2019-11-20 |i 123529K |o 327.7308 LOW 1987 |p 123529K |r 2025-01-20 |w 2019-11-20 |y BK |k HIS | ||